000 01115nam0a22002171 4500
001 rc\3739050
005 20250610070205.0
035 _a(NLR Aleph) 007783400
090 _a7593963
_c7593963
100 _a20130115d1971 |||y0rusy50 ca
101 0 _arus
102 _aRU
105 _ay z |||||
200 1 _aСоциолингвистические проблемы развитая литературных языков народов Кавказа
_e(Тезисы докл.)
_fАН СССР. Отд-ние литературы и яз. АН СССР. Науч. совет по комплексной проблеме "Закономерности развития нац. яз. в связи с развитием соц. наций”. Ин-т языкознания АН СССР. Ин-т языкознания АН ГрузССР. Абхаз. ин-т яз., литературы и истории им. Д.Н. Гулия
210 _aМосква
_cБ. и.
_d1971
215 _a20 с.
_d20
801 0 _aRU
_bNLR
_gpsbo
801 1 _aRU
_bELAR
_2rusmarc
852 _aNLR
_j72-4/32891
942 _cBOOK
980 _aNB